[Event "Maastricht Limburg op-B 9th"]
[Site "Maastricht"]
[Date "2015.05.24"]
[Round "5"]
[White "Kaufung, Christian"]
[Black "Van den Berg, Jaap"]
[Result "0-1"]
[WhiteElo "1822"]
[BlackElo "1858"]
[PlyCount "82"]
[EventDate "2015.05.22"]
[EventType "swiss"]
[EventRounds "7"]
[EventCountry "NED"]
[SourceTitle "EXT 2016"]
[Source "ChessBase"]
[SourceDate "2015.10.08"]
[SourceVersion "1"]
[SourceVersionDate "2015.10.08"]
[SourceQuality "1"]

1. d4 f5 2. Nf3 g6 3. Bf4 Nf6 4. c3 d6 5. e3 Bg7 6. Nbd2 c6 7. Bd3 0-0 8. h4 h6 9. Qb3+ d5 10. Ne5 Qe8 11. Ndf3 Nbd7 12. Qc2 Ne4 13. c4 e6 14. c5 Ndf6 15. a3 Nh5 16. b4 Nxf4 17. exf4 Bd7 18. Ke2 b5 19. a4 Bc8 20. axb5 cxb5 21. c6 Nd6 22. Qc5 Ne4 23. Qc2 Rf6 24. Bxb5 Bf8 25. Nd7 Bxd7 26. cxd7 Qb8 27. Bc6 Qc7 28. Rhc1 Rd8 29. b5 Be7 30. Qa4 Qxf4 31. Qb3 g5 32. Qe3 Qg4 33. Rxa7 f4 34. Qb3 Qxg2 35. Re1 g4 36. Bxd5 gxf3+ 37. Kd1 Qxf2 38. Bxe4 Qxd4+ 39. Kc1 Qxa7 40. Qxf3 Qa1+ 41. Kd2 Bb4+ 0-1

[Event "Maastricht Limburg op-B 9th"]
[Site "Maastricht"]
[Date "2015.05.22"]
[Round "1"]
[White "Fortenbacher, Florian"]
[Black "Kaufung, Christian"]
[Result "0-1"]
[WhiteElo "1678"]
[BlackElo "1822"]
[PlyCount "52"]
[EventDate "2015.05.22"]
[EventType "swiss"]
[EventRounds "7"]
[EventCountry "NED"]
[SourceTitle "EXT 2016"]
[Source "ChessBase"]
[SourceDate "2015.10.08"]
[SourceVersion "1"]
[SourceVersionDate "2015.10.08"]
[SourceQuality "1"]

1. e4 e5 2. Nf3 Nf6 3. Nxe5 d6 4. Nf3 Nxe4 5. Nc3 Nf6 6. d4 d5 7. Bd3 Be7 8. 0-0 0-0 9. Re1 Bg4 10. h3 Bh5 11. Bg5 c6 12. Qe2 Bd6 13. Qd2 Bxf3 14. gxf3 Nbd7 15. Kh1 Qc7 16. Bh6 gxh6 17. Qxh6 Kh8 18. Rg1 Rg8 19. Rxg8+ Rxg8 20. Re1 Bf4 21. Qh4 Bg5 22. Qg3 Qxg3 23. fxg3 Bd2 24. Re7 Bxc3 25. bxc3 Kg7 26. g4 Re8 0-1

[Event "Rheinhausen-ch"]
[Site "Rheinhausen"]
[Date "2011.03.11"]
[Round "6"]
[White "Rivinius, Otto"]
[Black "Kaufung, Christian"]
[Result "1-0"]
[WhiteElo "1911"]
[BlackElo "1662"]
[PlyCount "75"]
[EventDate "2011.01.07"]
[EventType "swiss"]
[EventRounds "7"]
[EventCountry "GER"]
[SourceTitle "EXT 2015"]
[Source "ChessBase"]
[SourceDate "2014.11.20"]
[SourceVersion "1"]
[SourceVersionDate "2014.11.20"]
[SourceQuality "1"]

1. c4 Nf6 2. d4 e6 3. Nf3 b6 4. g3 Bb7 5. Bg2 Bb4+ 6. Bd2 Bxd2+ 7. Nbxd2 d5 8. 0-0 0-0 9. Ne5 Nc6 10. cxd5 Nxe5 11. dxe5 Nxd5 12. Ne4 Rb8 13. Qa4 a5 14. Rfd1 Qe7 15. a3 Rfd8 16. Rac1 f6 17. exf6 gxf6 18. h4 Ba6 19. Qc2 c5 20. Qd2 f5 21. Ng5 Nf6 22. Qe3 e5 23. Rxd8+ Rxd8 24. Qb3+ c4 25. Qxb6 Qd6 26. Qxa5 Qd2 27. Qc3 Qxc3 28. bxc3 Rd2 29. Rb1 Ra2 30. Rb6 Ng4 31. Rxa6 e4 32. Ra8+ Kg7 33. Ne6+ Kf6 34. Nd4 Ra1+ 35. Bf1 e3 36. f3 Ne5 37. Rf8+ Kg6 38. Rxf5 1-0

[Event "Goch op 21st"]
[Site "Goch"]
[Date "2010.09.30"]
[Round "1"]
[White "Kaufung, Christian"]
[Black "Esser, Jochen"]
[Result "0-1"]
[WhiteElo "1785"]
[BlackElo "2106"]
[PlyCount "63"]
[EventDate "2010.09.30"]
[EventType "swiss"]
[EventRounds "7"]
[EventCountry "GER"]
[SourceTitle "EXT 2012"]
[Source "ChessBase"]
[SourceDate "2011.11.24"]
[SourceVersion "1"]
[SourceVersionDate "2011.11.24"]
[SourceQuality "1"]

1. e4 e5 2. Nf3 Nc6 3. Bb5 a6 4. Ba4 Nf6 5. d3 d6 6. Be3 Be7 7. Nbd2 0-0 8. 0-0 b5 9. Bb3 d5 10. exd5 Nxd5 11. Bxd5 Qxd5 12. Ne4 f5 13. Nc3 Qe6 14. d4 e4 15. d5 Qg6 16. dxc6 exf3 17. Qxf3 f4 18. Nd5 Bd6 19. Bxf4 Kh8 20. Qg3 Bxf4 21. Nxf4 Qxc6 22. c3 Bb7 23. f3 Qc5+ 24. Kh1 Qf5 25. Nh3 c5 26. Rae1 Rae8 27. Qf4 Qd7 28. Rd1 Qe6 29. Qc7 Bxf3 30. Ng5 Bxd1 31. Rxf8+ Rxf8 32. h4 0-1

[Event "Rheinhausen-ch 14th"]
[Site "Duisburg Rheinhausen"]
[Date "2010.02.19"]
[Round "4"]
[White "Ciglenecki, Ignaz"]
[Black "Kaufung, Christian"]
[Result "1-0"]
[WhiteElo "1587"]
[BlackElo "1715"]
[PlyCount "68"]
[EventDate "2010.01.08"]
[EventType "swiss"]
[EventRounds "7"]
[EventCountry "GER"]
[SourceTitle "EXT 2018"]
[Source "ChessBase"]
[SourceDate "2017.10.13"]
[SourceVersion "1"]
[SourceVersionDate "2017.10.13"]
[SourceQuality "1"]

1. d4 d5 2. c4 e5 3. dxe5 d4 4. Nf3 Nc6 5. a3 Bg4 6. Nbd2 Qd7 7. h3 Bxf3 8. Nxf3 0-0-0 9. b4 Qe6 10. Qd3 Nxe5 11. Nxe5 Qxe5 12. g3 g6 13. Bg2 Bg7 14. Bf4 Qe7 15. 0-0 Nh6 16. b5 g5 17. Bd2 Rhe8 18. Qf3 c6 19. bxc6 d3 20. cxb7+ Kb8 21. Ra2 dxe2 22. Re1 Qc5 23. Be3 Qxc4 24. Raxe2 Rxe3 25. Rxe3 g4 26. hxg4 Nxg4 27. Re8 Bf6 28. Rxd8+ Bxd8 29. Qf4+ Qxf4 30. gxf4 Nf6 31. Rd1 Bc7 32. a4 a5 33. Rd4 Ka7 34. f5 Kb8 1-0

[Event "Rheinhausen-ch 14th"]
[Site "Duisburg Rheinhausen"]
[Date "2010.01.08"]
[Round "1"]
[White "Kaufung, Christian"]
[Black "Pak, Aliaksandr"]
[Result "1-0"]
[WhiteElo "1715"]
[BlackElo "1258"]
[PlyCount "61"]
[EventDate "2010.01.08"]
[EventType "swiss"]
[EventRounds "7"]
[EventCountry "GER"]
[SourceTitle "EXT 2018"]
[Source "ChessBase"]
[SourceDate "2017.10.13"]
[SourceVersion "1"]
[SourceVersionDate "2017.10.13"]
[SourceQuality "1"]

1. e4 e5 2. Nf3 Nc6 3. Bc4 Bc5 4. c3 d6 5. d4 exd4 6. Qb3 Na5 7. Bxf7+ Kf8 8. Qa4 Kxf7 9. Qxa5 b6 10. Qa4 Bd7 11. Ng5+ Qxg5 12. Qxd7+ Qe7 13. Qxe7+ Kxe7 14. b4 Nf6 15. bxc5 dxc5 16. Bg5 Ke6 17. Bxf6 gxf6 18. Ke2 Ke5 19. f3 a5 20. a4 c6 21. Na3 Rhb8 22. Rhb1 Ra6 23. Nc4+ Ke6 24. Kd3 dxc3 25. Kxc3 b5 26. axb5 cxb5 27. Rxa5 b4+ 28. Kb3 Rxa5 29. Nxa5 Rb5 30. Nc4 Rb7 31. Rd1 1-0